000 00512nam a2200217Ia 4500
003 OSt
005 20220928144047.0
006 a|||||r|||| 00| 0
007 ta
008 220927b |||||||| |||| 00| 0 eng d
024 _a23895
037 _cTextual
040 _aSDCL
_cSDCL
_beng
041 _2eng
_aeng
082 _aO15,1F01,1, K8
100 _aDhoyi
_9506592
245 0 _aPawan dootam.
260 _c1968
942 _hO15,1F01,1, K8
_cTEXL
_2CC
999 _c825823
_d825823